Capitals in Africa Quiz - Statistics

General Stats
  • This quiz has been taken 13 times
  • The average score is 39 of 53
Answer Stats
Country Capital % Correct
Ethiopia Addis Ababa
92%
Algeria Algiers
92%
Guinea-Bissau Bissau
92%
Egypt Cairo
92%
South Africa Cape Town
92%
Djibouti Djibouti
92%
Sierra Leone Freetown
92%
Kenya Nairobi
92%
Morocco Rabat
92%
Libya Tripoli
92%
Tunisia Tunis
92%
Seychelles Victoria
92%
Nigeria Abuja
83%
Rep. of Congo Brazzaville
83%
Senegal Dakar
83%
Zimbabwe Harare
83%
South Sudan Juba
83%
Sudan Khartoum
83%
Rwanda Kigali
83%
Dem. Rep. of Congo Kinshasa
83%
Somalia Mogadishu
83%
Liberia Monrovia
83%
Sao Tome and Principe Sao Tome
83%
Ghana Accra
75%
Burundi Bujumbura
75%
Guinea Conakry
75%
Tanzania Dodoma
75%
Botswana Gaborone
75%
Angola Luanda
75%
Burkina Faso Ouagadougou
75%
Namibia Windhoek
75%
Madagascar Antananarivo
67%
Eritrea Asmara
67%
Zambia Lusaka
67%
Mozambique Maputo
67%
Lesotho Maseru
67%
Chad N'Djamena
67%
Mali Bamako
58%
Central African Republic Bangui
58%
Gambia Banjul
58%
Gabon Libreville
58%
Malawi Lilongwe
58%
Swaziland Mbabane
58%
Niger Niamey
58%
Mauritania Nouakchott
58%
Benin Porto-Novo
58%
Cape Verde Praia
58%
Ivory Coast (Cote d'Ivoire) Yamoussoukro
58%
Cameroon Yaounde
58%
Comoros Moroni
50%
Mauritius Port Louis
50%
Togo Lome
42%
Equatorial Guinea Malabo
33%
No matching quizzes found
Score Distribution
Percent of People with Each Score
Percentile by Number Answered
Your Score History
You have not taken this quiz